[Event "Elit(Rockaden,Sthlm-LASK)"]
[Site "?"]
[Date "2015.03.21"]
[Round "8"]
[White "Socko, Bartosz"]
[Black "Tikkanen, Hans"]
[Result "1/2-1/2"]
[WhiteElo "2623"]
[BlackElo "2537"]
[PlyCount "187"]

1. e4 e6 2. d4 d5 3. Nd2 Nf6 4. e5 Nfd7 5. Bd3 c5 6. c3 Nc6 7. Ne2 cxd4 8. cxd4
f6 9. exf6 Nxf6 10. Nf3 Bd6 11. O-O O-O 12. Bf4 Bxf4 13. Nxf4 Ng4 14. g3 g5 15.
Ng2 Qf6 16. Be2 Qh6 17. h4 gxh4 18. Ngxh4 a6 19. Nd2 Nf6 20. Nb3 e5 21. dxe5
Nxe5 22. Re1 Nc4 23. Qd4 Nd6 24. Bf3 Nde4 25. Bxe4 dxe4 26. Nc5 Bh3 27. Nxe4
Rad8 28. Nxf6+ Qxf6 29. Qxf6 Rxf6 30. Rad1 Rfd6 31. Rxd6 Rxd6 32. Re7 Rd1+ 33.
Kh2 Bd7 34. Re2 h5 35. f3 Kf7 36. Ng2 Rf1 37. Rd2 Bc6 38. Nh4 Ra1 39. a3 Re1
40. g4 hxg4 41. fxg4 Kf6 42. Kg3 Re3+ 43. Kf2 Re4 44. Rd6+ Kg5 45. Nf3+ Kxg4
46. Nd4 Ba4 47. Ne6 Bb5 48. Nd4 Ba4 49. b3 Be8 50. Ne6 Bb5 51. Nd4 Be8 52. Rd8
Bf7 53. Rd7 b6 54. Rxf7 Rxd4 55. Ke3 Rd5 56. a4 b5 57. Ke4 Rg5 58. a5 b4 59.
Rf4+ Kg3 60. Ke3 Rxa5 61. Rxb4 Ra3 62. Kd4 a5 63. Rb8 Kf3 64. Kc4 Ke4 65. Re8+
Kf4 66. Re1 Kf5 67. Re7 Kf4 68. Ra7 Ke5 69. Ra6 Ke4 70. Rf6 Ke5 71. Rb6 Ke4 72.
Rb5 Ke3 73. Rf5 Ke4 74. Rh5 Kf4 75. Rd5 Ke4 76. Rb5 Ke3 77. Re5+ Kf4 78. Re1
Kf5 79. Re7 Kf4 80. Re6 Kf5 81. Rb6 Ke4 82. Rb5 Ke3 83. Rg5 Kf4 84. Rh5 Ke4 85.
Rh3 Ke5 86. Kc5 Ke4 87. Rc3 Ke5 88. Re3+ Kf4 89. Rd3 Ke4 90. Rh3 Ke5 91. Rc3 a4
92. Kb4 Rxb3+ 93. Rxb3 axb3 94. Kxb3 1/2-1/2

[Event "Elit(Rockaden,Sthlm-LASK)"]
[Site "?"]
[Date "2015.03.21"]
[Round "8"]
[White "Semcesen, Daniel"]
[Black "Karlsson, Lars"]
[Result "1/2-1/2"]
[WhiteElo "2469"]
[BlackElo "2441"]
[PlyCount "99"]

1. Nf3 d6 2. d4 Bg4 3. c4 c6 4. Qb3 Qb6 5. Nc3 Nd7 6. e4 Bxf3 7. gxf3 g6 8. Be3
Bg7 9. O-O-O Ngf6 10. Be2 h5 11. Qc2 Qa5 12. Kb1 c5 13. Rhg1 Rc8 14. d5 a6 15.
Bd2 Qc7 16. h3 Rb8 17. f4 Bh6 18. a4 Kd8 19. Bd3 Ne8 20. Ne2 Bg7 21. Rge1 Qc8
22. Ng1 b5 23. Ba5+ Nc7 24. cxb5 axb5 25. Bxb5 Nb6 26. e5 Nxb5 27. axb5 Qd7 28.
Qa4 Kc8 29. Bxb6 Rxb6 30. Qa8+ Rb8 31. Qa6+ Kd8 32. Re3 Qxb5 33. Qxb5 Rxb5 34.
Ra3 dxe5 35. d6 exd6 36. Rxd6+ Kc7 37. Rd2 exf4 38. Ra7+ Rb7 39. Rxb7+ Kxb7 40.
Rd7+ Kc6 41. Rxf7 Be5 42. Nf3 Kd5 43. Kc2 Rb8 44. b3 Ra8 45. Kd3 Ra2 46. Nd2
Ra1 47. h4 Rc1 48. Rf8 Rc3+ 49. Ke2 Ke6 50. Ne4 1/2-1/2

[Event "Elit(Rockaden,Sthlm-LASK)"]
[Site "?"]
[Date "2015.03.21"]
[Round "8"]
[White "Bator, Robert"]
[Black "Smith, Axel"]
[Result "0-1"]
[WhiteElo "2433"]
[BlackElo "2475"]
[PlyCount "74"]

1. d4 d5 2. Nf3 c5 3. c3 e6 4. Bf4 Nc6 5. e3 Bd6 6. a3 Nf6 7. b4 Bxf4 8. exf4
cxd4 9. cxd4 Ne4 10. Be2 O-O 11. O-O Bd7 12. g3 Qe8 13. Bd3 b5 14. Ne5 a5 15.
f3 Nd6 16. Nxc6 Bxc6 17. Nd2 Nc4 18. Nxc4 dxc4 19. Bc2 Qd7 20. Kf2 Rfd8 21. Ke3
f6 22. Ke2 Qxd4 23. Qxd4 Rxd4 24. Ke3 Rd7 25. Rad1 axb4 26. Rxd7 Rxa3+ 27. Rd3
cxd3 28. Bxd3 Bd5 29. Rd1 Bc4 30. Kd4 e5+ 31. fxe5 fxe5+ 32. Ke4 Rxd3 33. Rxd3
Bxd3+ 34. Kxd3 Kf7 35. Kc2 Ke6 36. Kb3 Kd5 37. Kxb4 Kd4 0-1

[Event "Elit(Rockaden,Sthlm-LASK)"]
[Site "?"]
[Date "2015.03.21"]
[Round "8"]
[White "Dragicevic, Drazen"]
[Black "Hedman, Erik"]
[Result "1-0"]
[WhiteElo "2272"]
[BlackElo "2375"]
[PlyCount "82"]

1. Nf3 c5 2. g3 Nc6 3. Bg2 g6 4. d4 cxd4 5. Nxd4 Bg7 6. Nxc6 bxc6 7. O-O Nf6 8.
c4 O-O 9. Nc3 Rb8 10. Qa4 a5 11. a3 d5 12. Rd1 Bd7 13. cxd5 cxd5 14. Qh4 e6 15.
Bg5 h6 16. Bxh6 Bxh6 17. Qxh6 Qb6 18. Qf4 Nh5 19. Qe5 f6 20. Qd4 Qxd4 21. Rxd4
Rxb2 22. e4 Rc2 23. Nd1 f5 24. Ne3 Rc3 25. exd5 f4 26. Nd1 Rb3 27. Rd2 Nf6 28.
dxe6 Bxe6 29. Rd6 Bg4 30. Bd5+ Nxd5 31. Rxg6+ Kh7 32. Rxg4 Rfb8 33. Rg5 Rd3 34.
Kf1 Rd8 35. Nb2 Rd4 36. Rd1 Rxd1+ 37. Nxd1 f3 38. Ne3 Nxe3+ 39. fxe3 Rd2 40. h4
Re2 41. Rxa5 Rg2 1-0

[Event "Elit(Rockaden,Sthlm-LASK)"]
[Site "?"]
[Date "2015.03.21"]
[Round "8"]
[White "Lokander, Martin"]
[Black "Nilsson, Sebastian"]
[Result "1/2-1/2"]
[WhiteElo "2378"]
[BlackElo "2304"]
[PlyCount "70"]

1. d4 Nf6 2. Bg5 e6 3. e4 h6 4. Bxf6 Qxf6 5. c3 d5 6. Nd2 c5 7. Ngf3 Nc6 8. Bb5
cxd4 9. Nxd4 Bc5 10. N4f3 O-O 11. O-O a6 12. Ba4 Ba7 13. Qe2 Bd7 14. Rad1 Rad8
15. Bc2 dxe4 16. Nxe4 Qe7 17. Nd6 Bc8 18. Nxc8 Rxc8 19. Rd3 Rfd8 20. Rfd1 g6
21. Ba4 b5 22. Bc2 Qc7 23. h4 h5 24. a4 Qb7 25. axb5 axb5 26. Ng5 Rxd3 27. Rxd3
Qc7 28. Ne4 Ne5 29. Rg3 Ng4 30. Rxg4 hxg4 31. Qxg4 Qe5 32. h5 Kg7 33. hxg6 fxg6
34. Qh4 Bc5 35. g3 Rh8 1/2-1/2

[Event "Elit(Limhamn-Solna)"]
[Site "?"]
[Date "2015.03.21"]
[Round "8"]
[White "Lindberg, Bengt"]
[Black "Hector, Jonny"]
[Result "1/2-1/2"]
[WhiteElo "2380"]
[BlackElo "2481"]
[PlyCount "118"]
[SourceDate "2015.03.25"]

1. e4 e5 2. Nf3 Nc6 3. Bb5 Bc5 4. c3 f5 5. d4 fxe4 6. Bxc6 dxc6 7. Nxe5 Qd5 8.
Qh5+ g6 9. Qe2 Bd6 10. Nc4 Nf6 11. Bh6 Ng4 12. Nxd6+ cxd6 13. Be3 O-O 14. Nd2
Be6 15. h3 Nf6 16. O-O Rf7 17. c4 Qa5 18. a3 d5 19. Bf4 dxc4 20. Nxc4 Bxc4 21.
Qxc4 Nd5 22. Bh6 Qd8 23. g3 Qd7 24. Kh2 Rf5 25. h4 Rh5 26. Bg5 Qg4 27. Be7 Qe6
28. Bg5 h6 29. Bd2 Rf8 30. f4 exf3 31. Rf2 Qg4 32. Qd3 Kh7 33. Re1 Qf5 34. Qxf5
Rhxf5 35. g4 R5f7 36. Kg3 h5 37. gxh5 gxh5 38. Bg5 Nf4 39. Bxf4 Rxf4 40. Re7+
Kh6 41. Re6+ Kg7 42. Re7+ Kg6 43. Rxb7 Rg4+ 44. Kh3 Rff4 45. Rc7 Rxh4+ 46. Kg3
Rhg4+ 47. Kh3 Kf5 48. Re7 h4 49. Re5+ Kf6 50. Rxf3 Rxf3+ 51. Kxg4 Rd3 52. Rc5
Rxd4+ 53. Kh3 Rd6 54. Kxh4 Ke7 55. Ra5 Rd7 56. Kg4 Kd6 57. Kf4 Re7 58. b4 Rb7
59. Ke4 Rh7 1/2-1/2

[Event "Elit(Limhamn-Solna)"]
[Site "?"]
[Date "2015.03.21"]
[Round "8"]
[White "Brynell, Stellan"]
[Black "Valmana Canto, Jaime"]
[Result "0-1"]
[WhiteElo "2444"]
[BlackElo "2390"]
[PlyCount "156"]

1. d4 Nf6 2. c4 e6 3. Nf3 d5 4. Nc3 Bb4 5. cxd5 exd5 6. Bg5 Nbd7 7. e3 c5 8.
Bd3 Qa5 9. Qc2 O-O 10. O-O c4 11. Bf5 Re8 12. Nd2 g6 13. Bh3 Kg7 14. Rae1 Nb6
15. Bxc8 Raxc8 16. f3 Bxc3 17. bxc3 Na4 18. Bxf6+ Kxf6 19. Nb1 Kg7 20. e4 f6
21. exd5 Nb6 22. d6 Qd5 23. Re7+ Rxe7 24. dxe7 Re8 25. Re1 Qd7 26. Nd2 Rxe7 27.
Rxe7+ Qxe7 28. Qe4 Kf7 29. Kf2 f5 30. Qf4 Nd5 31. Qh6 Kg8 32. Nxc4 Qc7 33. Ne3
Nxc3 34. Qg5 Nxa2 35. h4 Nb4 36. h5 f4 37. Nd5 Nxd5 38. Qxd5+ Kg7 39. hxg6 hxg6
40. Kg1 Kf6 41. Qg8 Qd6 42. Kh2 a5 43. Qc4 Qc6 44. Qg8 a4 45. Qf8+ Ke6 46. Kh3
Qd5 47. Kh2 Kd7 48. Qg7+ Kc8 49. Qxg6 Qxd4 50. Qg5 Qc4 51. Qe7 b5 52. Qa7 Qc6
53. Qa5 Kb7 54. Qb4 Qc4 55. Qd6 Qc7 56. Qf8 Kb6 57. Qa8 Kc5 58. Qe4 Qd6 59. g4
fxg3+ 60. Kh3 Qd5 61. Qe7+ Kc4 62. Qe2+ Kb3 63. Qe3+ Ka2 64. Qe2+ Ka3 65. Qe3+
Qb3 66. Qc1+ Ka2 67. Qd2+ Qb2 68. Qd5+ Ka3 69. Qd3+ Qb3 70. Qd6+ b4 71. Kxg3
Ka2 72. Kg4 Qg8+ 73. Kh5 b3 74. f4 b2 75. Qd2 a3 76. f5 Qh8+ 77. Kg6 Ka1 78. f6
b1=Q+ 0-1

[Event "Elit(Limhamn-Solna)"]
[Site "?"]
[Date "2015.03.21"]
[Round "8"]
[White "Karlsson, Tomas"]
[Black "Ahlander, Bjorn"]
[Result "0-1"]
[WhiteElo "2251"]
[BlackElo "2380"]
[PlyCount "88"]

1. e4 c5 2. Nc3 Nc6 3. f4 e6 4. Nf3 d6 5. g3 Nge7 6. Bg2 Nd4 7. O-O g6 8. d3
Bg7 9. Be3 O-O 10. e5 Nef5 11. Bf2 Nxf3+ 12. Qxf3 Nd4 13. Qd1 dxe5 14. fxe5
Bxe5 15. Ne4 f5 16. Nxc5 Qc7 17. b4 f4 18. c3 Nf5 19. g4 f3 20. Bxf3 Bxh2+ 21.
Kg2 Ng7 22. Qe2 Rb8 23. Bd4 b6 24. Ne4 Be5 25. Bxe5 Qxe5 26. g5 Rf5 27. Qe3 Bb7
28. d4 Rxf3 29. Qxf3 Qxe4 30. Qxe4 Bxe4+ 31. Kg3 Bd5 32. a4 Rc8 33. Rac1 Nf5+
34. Kf4 Nd6 35. Rfe1 a6 36. Ke5 Nc4+ 37. Kf4 Nb2 38. Re3 Nxa4 39. Rc2 b5 40.
Rh3 Rf8+ 41. Kg4 Nb6 42. Rhh2 Nc4 43. Rcf2 Ne3+ 44. Kh4 Rc8 0-1

[Event "Elit(Limhamn-Solna)"]
[Site "?"]
[Date "2015.03.21"]
[Round "8"]
[White "Jepson, Christian"]
[Black "Jonsson, Mikael"]
[Result "1-0"]
[WhiteElo "2421"]
[BlackElo "2293"]
[PlyCount "103"]

1. d4 d5 2. Nf3 Nf6 3. c4 c6 4. Nc3 dxc4 5. a4 Bf5 6. e3 e6 7. Bxc4 Bb4 8. O-O
Nbd7 9. Qe2 Ne4 10. Bd3 Nxc3 11. bxc3 Bxd3 12. Qxd3 Be7 13. e4 O-O 14. Bf4 Qa5
15. c4 Rfd8 16. Qb3 b6 17. Rfd1 Rac8 18. h3 Bf6 19. e5 Be7 20. Bd2 Qa6 21. Bg5
Re8 22. Bxe7 Rxe7 23. a5 Qb7 24. axb6 axb6 25. Rab1 Qc7 26. Qb4 Ree8 27. Qc3
Ra8 28. c5 Reb8 29. cxb6 Rxb6 30. Rxb6 Qxb6 31. Rc1 Ra6 32. Ng5 h6 33. Ne4 Ra4
34. Qxc6 Qxd4 35. Nc5 Ra2 36. Nxd7 Qxf2+ 37. Kh1 Re2 38. Qa8+ Kh7 39. Nf8+ Kg8
40. Nd7+ Kh7 41. Nf8+ Kg8 42. Nxe6+ Kh7 43. Nf8+ Kg8 44. Nd7+ Kh7 45. Qf3 Re1+
46. Rxe1 Qxe1+ 47. Kh2 Kg8 48. Qg3 Qb4 49. e6 Qe7 50. Qb8+ Kh7 51. Nf8+ Kg8 52.
Ng6+ 1-0

[Event "Elit(Limhamn-Solna)"]
[Site "?"]
[Date "2015.03.21"]
[Round "8"]
[White "Johansson, Gunnar"]
[Black "Johansson, Linus"]
[Result "0-1"]
[WhiteElo "2222"]
[BlackElo "2392"]
[PlyCount "126"]

1. d4 Nf6 2. c4 e6 3. Nc3 Bb4 4. Qc2 O-O 5. a3 Bxc3+ 6. Qxc3 b5 7. cxb5 c6 8.
Bg5 cxb5 9. e3 Bb7 10. Nf3 a6 11. Bd3 d6 12. O-O Nbd7 13. a4 b4 14. Qxb4 Bxf3
15. Bxf6 Qxf6 16. gxf3 e5 17. Qb7 Rfd8 18. Qe4 g6 19. Rac1 exd4 20. Qxd4 Ne5
21. Be2 Qxf3 22. Bxf3 Nxf3+ 23. Kg2 Nxd4 24. exd4 a5 25. Rc6 Kf8 26. Re1 Rab8
27. Ra6 Rxb2 28. Rxa5 Re8 29. Rxe8+ Kxe8 30. Ra7 Rd2 31. a5 Rxd4 32. a6 Ra4 33.
Kf3 Kf8 34. Ke3 Kg7 35. Ra8 Kf6 36. a7 d5 37. Rd8 Rxa7 38. Rxd5 Ra3+ 39. Kf4
Rh3 40. Rd6+ Kg7 41. Rd2 Rxh2 42. Kg3 Rh5 43. Rd7 Ra5 44. f3 h5 45. Rb7 g5 46.
Rb6 Ra3 47. Kg2 f6 48. Rb8 Kg6 49. Rh8 g4 50. fxg4 hxg4 51. Rb8 Kg5 52. Rb6 Ra5
53. Rc6 f5 54. Rc8 Ra4 55. Rb8 Ra2+ 56. Kg1 f4 57. Rb4 f3 58. Rb3 Kf4 59. Rb4+
Kg3 60. Rb1 Rg2+ 61. Kh1 Rh2+ 62. Kg1 f2+ 63. Kf1 Rh1+ 0-1

[Event "Elit(Limhamn-Solna)"]
[Site "?"]
[Date "2015.03.21"]
[Round "8"]
[White "Helgason, Reynir"]
[Black "Landgren, Andreas"]
[Result "1-0"]
[WhiteElo "2327"]
[BlackElo "2246"]
[PlyCount "101"]

1. d4 d5 2. c4 e6 3. Nc3 c6 4. e4 dxe4 5. Nxe4 Bb4+ 6. Bd2 Qxd4 7. Bxb4 Qxe4+
8. Be2 Na6 9. Bd6 b6 10. Qa4 Bb7 11. O-O-O Ne7 12. Bf3 Qf5 13. Ne2 Nc5 14. Qa3
Nc8 15. Bxc5 bxc5 16. Qe3 O-O 17. Ng3 Qf6 18. Ne4 Qe7 19. Nxc5 Nb6 20. b3 Rad8
21. a4 Ba8 22. Rxd8 Rxd8 23. Rd1 Rxd1+ 24. Bxd1 Nd7 25. Nxd7 Qxd7 26. Qc5 g6
27. f4 Qc7 28. g3 Qb6 29. Qxb6 axb6 30. Bf3 Kf8 31. b4 Ke7 32. Kd2 Bb7 33. Kc3
Kd6 34. a5 bxa5 35. c5+ Kc7 36. bxa5 Ba6 37. Kd4 f6 38. g4 Bf1 39. h4 Kb7 40.
g5 fxg5 41. fxg5 Bb5 42. Be4 Ba4 43. Ke5 Bb3 44. h5 gxh5 45. Bxh7 h4 46. Be4
Bd5 47. g6 h3 48. g7 Bxe4 49. g8=Q h2 50. Qf7+ Ka6 51. Qf1+ 1-0

[Event "Elit(Limhamn-Solna)"]
[Site "?"]
[Date "2015.03.21"]
[Round "8"]
[White "Lundvik, Jonas"]
[Black "Schneider, Stefan"]
[Result "0-1"]
[WhiteElo "2195"]
[BlackElo "2379"]
[PlyCount "52"]

1. d4 Nf6 2. Nf3 d5 3. Bf4 c5 4. c3 Nc6 5. e3 Qb6 6. Qb3 c4 7. Qxb6 axb6 8. Be2
Bf5 9. O-O e6 10. Nbd2 h6 11. Ne5 b5 12. g4 Bh7 13. a3 Be7 14. f3 O-O 15. Rf2
b4 16. cxb4 Bxb4 17. Rd1 Ba5 18. Nb1 g5 19. Bg3 Bxb1 20. Rxb1 Bd2 21. Nxc6 bxc6
22. Be5 Nd7 23. e4 Nxe5 24. dxe5 Be3 25. Kg2 Bxf2 26. Kxf2 Rfb8 0-1

[Event "Elit(Limhamn-Solna)"]
[Site "?"]
[Date "2015.03.21"]
[Round "8"]
[White "Lindgren, Philip"]
[Black "Steneskog, Per"]
[Result "1-0"]
[WhiteElo "2331"]
[BlackElo "2207"]
[PlyCount "95"]

1. Nf3 d5 2. c4 e6 3. b3 c5 4. Bb2 Nc6 5. e3 d4 6. exd4 cxd4 7. g3 Nf6 8. Bg2
Be7 9. O-O e5 10. Re1 e4 11. Ng5 Bg4 12. f3 exf3 13. Nxf3 O-O 14. d3 Nd7 15.
Nbd2 Bg5 16. h3 Be3+ 17. Kh2 Nde5 18. Nf1 Bf2 19. hxg4 Nxg4+ 20. Kh1 Bxg3 21.
Re2 Nf2+ 22. Rxf2 Bxf2 23. Qd2 Bh4 24. Qf4 Bf6 25. Ng3 Re8 26. Ne4 Be5 27. Qg4
Re6 28. Rf1 Rh6+ 29. Kg1 Rg6 30. Qf5 f6 31. Qe6+ Kh8 32. Bc1 Qc8 33. Qxc8+ Rxc8
34. Kf2 Nb4 35. Rd1 Re8 36. a3 Na2 37. Bd2 f5 38. Nxe5 Rxe5 39. Ng5 Kg8 40.
Bd5+ Kf8 41. Nf3 Rxd5 42. cxd5 Nc3 43. Bxc3 dxc3 44. Ke3 Ke7 45. Kd4 Rg3 46.
Re1+ Kd6 47. Re6+ Kc7 48. Ne5 1-0

[Event "Elit(Farsta-Orgryte)"]
[Site "?"]
[Date "2015.03.21"]
[Round "8"]
[White "Tukhaev, Adam"]
[Black "Urkedal, Frode"]
[Result "1-0"]
[WhiteElo "2542"]
[BlackElo "2524"]
[PlyCount "79"]

1. e4 e5 2. Nf3 Nc6 3. Bb5 a6 4. Ba4 Nf6 5. O-O b5 6. Bb3 Bb7 7. Re1 Bc5 8. c3
d6 9. d4 Bb6 10. Be3 O-O 11. d5 Ne7 12. Bxb6 cxb6 13. Nbd2 Nd7 14. Bc2 Rc8 15.
Nf1 Nc5 16. Ne3 Qd7 17. b4 Na4 18. Bxa4 bxa4 19. Rc1 f5 20. Ng5 f4 21. Nf1 Rf6
22. c4 Ng6 23. Nf3 a5 24. c5 dxc5 25. bxc5 bxc5 26. Qd2 Qc7 27. Rc3 c4 28. Qc2
Rb6 29. N1d2 Ba6 30. Rc1 Qc5 31. h4 a3 32. Nxc4 Bxc4 33. Rxc4 Qxc4 34. Qxc4
Rxc4 35. Rxc4 Rb1+ 36. Kh2 Rb2 37. h5 Nf8 38. Rc8 Rxa2 39. d6 Kf7 40. Ng5+ 1-0

[Event "Elit(Farsta-Orgryte)"]
[Site "?"]
[Date "2015.03.21"]
[Round "8"]
[White "Sammalvuo, Tapani"]
[Black "Ziegler, Ari"]
[Result "1-0"]
[WhiteElo "2453"]
[BlackElo "2315"]
[PlyCount "113"]

1. e4 c5 2. Nf3 e6 3. d4 cxd4 4. Nxd4 a6 5. c4 Nf6 6. Nc3 Bb4 7. Qd3 d5 8. exd5
exd5 9. Be2 Nc6 10. Nxc6 bxc6 11. O-O Be6 12. cxd5 Nxd5 13. Nxd5 Qxd5 14. Qg3
Bd6 15. Qxg7 Be5 16. Qg5 h6 17. Qh5 Bf6 18. Qf3 Qxf3 19. Bxf3 Rc8 20. Re1 Kf8
21. Re2 Kg7 22. Bf4 Rhd8 23. h3 Rd4 24. Be5 Bxe5 25. Rxe5 Rd2 26. b3 Bd5 27.
Re2 Rxe2 28. Bxe2 a5 29. Rc1 a4 30. bxa4 Ra8 31. Bd1 Kf6 32. f4 Kf5 33. g3 Ke4
34. Kf2 Rb8 35. Bb3 h5 36. h4 Bxb3 37. Rb1 c5 38. axb3 f5 39. Rc1 Kd4 40. Rd1+
Kc3 41. Rc1+ Kd4 42. Rc4+ Kd5 43. Rc3 Kd4 44. Rc4+ Kd5 45. Rc3 Kd4 46. Re3 Rb4
47. Ke2 c4 48. bxc4 Rxa4 49. Re5 Ra2+ 50. Kf3 Ra3+ 51. Kg2 Ra2+ 52. Kh3 Ra1 53.
c5 Rc1 54. c6 Rxc6 55. Rxf5 Ke4 56. Rxh5 Kf3 57. Ra5 1-0

[Event "Elit(Farsta-Orgryte)"]
[Site "?"]
[Date "2015.03.21"]
[Round "8"]
[White "Arnelind, Mikael"]
[Black "Livner, Anders"]
[Result "0-1"]
[WhiteElo "2191"]
[BlackElo "2345"]
[PlyCount "94"]

1. d4 d5 2. c4 c6 3. Nc3 Nf6 4. cxd5 cxd5 5. Bf4 Nc6 6. e3 a6 7. Bd3 Bg4 8.
Nge2 e6 9. O-O Be7 10. Rc1 O-O 11. Na4 Nd7 12. a3 e5 13. dxe5 Ndxe5 14. f3 Be6
15. Nd4 Nxd4 16. Bxe5 Nc6 17. Bg3 Bf6 18. Nc5 Qb6 19. b4 Ne5 20. Bxe5 Bxe5 21.
f4 Bf6 22. Qc2 h6 23. Kh1 Rad8 24. Rf3 Rfe8 25. Rff1 Bc8 26. Qf2 a5 27. Rb1
axb4 28. axb4 Qa7 29. Bb5 Re7 30. Rfd1 Bg4 31. Rd2 Qb6 32. Ba4 Bc3 33. Rc2 Bf6
34. Rd2 Qa7 35. Ra2 Qb8 36. h3 Bf5 37. Rd1 b6 38. Na6 Qc8 39. Bb3 Be4 40. Kh2
Qc3 41. Bc2 Bxc2 42. Rxc2 Qxe3 43. Qxe3 Rxe3 44. Rc6 d4 45. Rxb6 d3 46. Rc6 d2
47. Rc2 Bc3 0-1

[Event "Elit(Farsta-Orgryte)"]
[Site "?"]
[Date "2015.03.21"]
[Round "8"]
[White "Ernst, Thomas"]
[Black "Virolainen, Victor"]
[Result "1/2-1/2"]
[WhiteElo "2373"]
[BlackElo "2167"]
[PlyCount "64"]

1. e4 c5 2. Nf3 d6 3. d4 cxd4 4. Nxd4 Nf6 5. Nc3 a6 6. Bg5 e6 7. f4 Be7 8. Qf3
Qc7 9. O-O-O O-O 10. Bd3 Nbd7 11. Qg3 b5 12. Rhe1 Bb7 13. e5 dxe5 14. fxe5 Nh5
15. Qh4 Bxg5+ 16. Qxg5 g6 17. g4 Ng7 18. Be4 Nxe5 19. Bxb7 f6 20. Qh4 g5 21.
Qg3 Qxb7 22. h4 gxh4 23. Qxh4 Ng6 24. Qh6 Qc7 25. Nxe6 Nxe6 26. Rxe6 Qf4+ 27.
Qxf4 Nxf4 28. Red6 f5 29. gxf5 Rxf5 30. Nd5 Nxd5 31. R1xd5 Rxd5 32. Rxd5 Kg7
1/2-1/2

[Event "Elit(Farsta-Orgryte)"]
[Site "?"]
[Date "2015.03.21"]
[Round "8"]
[White "Kumar, Rahul"]
[Black "Lissang, Christopher"]
[Result "1/2-1/2"]
[WhiteElo "2147"]
[BlackElo "2260"]
[PlyCount "65"]

1. e4 c5 2. Nf3 Nc6 3. d4 cxd4 4. Nxd4 Nf6 5. Nc3 d6 6. h3 e6 7. Be3 a6 8. Qd2
Qc7 9. g4 h6 10. f4 g5 11. fxg5 hxg5 12. Nxc6 bxc6 13. Bg2 Rb8 14. O-O-O Nd7
15. Bxg5 Qa5 16. e5 d5 17. Qd4 Rb4 18. Qe3 d4 19. Qf2 dxc3 20. Bxc6 Qxe5 21.
Rxd7 Qxg5+ 22. Rd2+ Ke7 23. bxc3 Rf4 24. Qb6 Kf6 25. h4 Rxh4 26. Rxh4 Qxh4 27.
Kb2 Be7 28. Qc7 Qxg4 29. Qxc8 Rf5 30. Rg2 Rb5+ 31. Bxb5 Qxg2 32. Bxa6 Kg7 33.
Bc4 1/2-1/2

[Event "Elit(Farsta-Orgryte)"]
[Site "?"]
[Date "2015.03.21"]
[Round "8"]
[White "Lundin, Jan"]
[Black "Lauritzson, Peter"]
[Result "1-0"]
[WhiteElo "2221"]
[BlackElo "2122"]
[PlyCount "129"]

1. e4 c5 2. Nc3 Nc6 3. Bb5 e6 4. Bxc6 dxc6 5. f4 e5 6. fxe5 c4 7. Nf3 Bc5 8. d4
cxd3 9. cxd3 Bg4 10. Bf4 Ne7 11. Qd2 O-O 12. Be3 Bxe3 13. Qxe3 Ng6 14. d4 c5
15. O-O-O cxd4 16. Rxd4 Qb6 17. Rhd1 Rac8 18. Kb1 h6 19. Nd5 Qc5 20. Rc1 Qxc1+
21. Qxc1 Rxc1+ 22. Kxc1 Bxf3 23. gxf3 Nxe5 24. f4 Nc6 25. Rd3 Re8 26. e5 Kf8
27. Kd2 Rc8 28. h4 Ke8 29. h5 Ne7 30. Ne3 Rd8 31. f5 Nc6 32. Rxd8+ Kxd8 33. Ng4
Ke7 34. Ke3 Nb8 35. Ke4 Nd7 36. Kd4 Nb6 37. b3 Nd7 38. Kd5 Nb6+ 39. Kc5 Nd7+
40. Kd4 Nb6 41. a4 Nd7 42. b4 Nb6 43. a5 Nd7 44. Kd5 a6 45. Kc4 Nb8 46. b5
axb5+ 47. Kxb5 Nd7 48. Kc4 Kd8 49. Kd5 Ke7 50. Kd4 Kd8 51. f6 gxf6 52. exf6 b5
53. Nxh6 Nxf6 54. Nxf7+ Kc7 55. h6 Kb7 56. Nd8+ Ka6 57. Nc6 Nh7 58. Ke5 b4 59.
Nxb4+ Kxa5 60. Nd5 Kb5 61. Nf6 Nf8 62. Kd6 Kc4 63. Ke7 Ng6+ 64. Kf7 Ne5+ 65.
Kg7 1-0

[Event "Elit(Farsta-Orgryte)"]
[Site "?"]
[Date "2015.03.21"]
[Round "8"]
[White "Fransson, Patrick"]
[Black "Hjelm, Niclas"]
[Result "1/2-1/2"]
[WhiteElo "2111"]
[BlackElo "2315"]
[PlyCount "102"]

1. d4 d5 2. Bg5 Nf6 3. e3 c6 4. Bd3 Qb6 5. Qc1 g6 6. Nd2 Bg7 7. Ne2 O-O 8. O-O
c5 9. c4 cxd4 10. c5 Qd8 11. exd4 Nc6 12. Nf3 Bg4 13. Qf4 Bxf3 14. Qxf3 Re8 15.
Rfd1 a6 16. Bc2 e5 17. Bb3 exd4 18. Nxd4 Re4 19. Ne2 Qe7 20. Nc3 Nd4 21. Qd3
Ne2+ 22. Nxe2 Rxe2 23. Qf3 Re8 24. h3 Qe4 25. Bxf6 Qxf3 26. gxf3 Bxf6 27. Rxd5
Rxb2 28. Rf1 Re7 29. Kg2 Kg7 30. f4 Rbe2 31. Rfd1 Bh4 32. R1d2 Rxd2 33. Rxd2
Rc7 34. Kf3 Be7 35. Rd5 Bxc5 36. f5 Kf6 37. fxg6 hxg6 38. Kg3 Bb4 39. Rd4 Ba3
40. Rf4+ Kg7 41. Rd4 Bb2 42. Re4 b5 43. Re2 Ba1 44. Rc2 Rd7 45. Rc5 Bb2 46. Kf3
Re7 47. h4 Bf6 48. h5 gxh5 49. Rxh5 Re5 50. Rxe5 Bxe5 51. Ke4 Bc3 1/2-1/2

[Event "Elit(Farsta-Orgryte)"]
[Site "?"]
[Date "2015.03.21"]
[Round "8"]
[White "Lagerborg, Krister"]
[Black "Fransson, Percy"]
[Result "0-1"]
[WhiteElo "2049"]
[BlackElo "2108"]
[PlyCount "74"]

1. e4 e6 2. f4 d5 3. e5 c5 4. Nf3 Nc6 5. g3 Qc7 6. d3 Bd7 7. Bg2 Nge7 8. O-O g6
9. c3 h5 10. Be3 Nf5 11. Bf2 Be7 12. Qe2 Kf8 13. Na3 Kg7 14. Nc2 b6 15. Ne3
Rag8 16. Nxf5+ exf5 17. h4 Nd8 18. a3 Ne6 19. Rac1 Rc8 20. Ng5 Bxg5 21. hxg5
Bc6 22. Rfd1 h4 23. Qd2 h3 24. Bh1 h2+ 25. Kf1 d4 26. Ke2 Rcd8 27. c4 Nxg5 28.
Bd5 Rxd5 29. cxd5 Bxd5 30. Bxd4 Nf3 31. Qc3 Nxd4+ 32. Qxd4 Bf3+ 33. Kxf3 Qb7+
34. Qe4 fxe4+ 35. dxe4 Qa6 36. f5 gxf5 37. e6 Qb7 0-1

[Event "Elit(Kungstornet-Eksjo)"]
[Site "?"]
[Date "2015.03.21"]
[Round "8"]
[White "von Bahr, Oskar"]
[Black "Gdanski, Jacek"]
[Result "1-0"]
[WhiteElo "2358"]
[BlackElo "2501"]
[PlyCount "56"]

1. c4 e5 2. g3 Nf6 3. Bg2 Nc6 4. Nc3 Bc5 5. Nf3 d6 6. d3 O-O 7. O-O h6 8. a3 a6
9. b4 Ba7 10. Bb2 Re8 11. Rc1 Rb8 12. h3 Nd4 13. Nd2 Bd7 14. e3 Nf5 15. Re1 c6
16. Nde4 Qe7 17. d4 Nxe4 18. Nxe4 exd4 19. exd4 Qf8 20. Qg4 Kh8 21. d5 cxd5 22.
cxd5 Rbc8 23. Red1 Rxc1 24. Rxc1 Rc8 25. Qf4 Kg8 26. g4 Nd4 27. Rxc8 Ne2+ 28.
Kh2 Nxf4 1-0

[Event "Elit(Kungstornet-Eksjo)"]
[Site "?"]
[Date "2015.03.21"]
[Round "8"]
[White "Rasmussen, Allan Stig"]
[Black "Lyrberg, Patrik"]
[Result "1-0"]
[WhiteElo "2532"]
[BlackElo "2456"]
[PlyCount "85"]

1. e4 e6 2. d4 d5 3. Nc3 dxe4 4. Nxe4 Bd7 5. Nf3 Bc6 6. Bd3 Nd7 7. O-O Ngf6 8.
Ng3 Be7 9. Re1 Bxf3 10. Qxf3 c6 11. c3 a5 12. Bf4 O-O 13. Rad1 a4 14. Bc2 Re8
15. Nf1 Nd5 16. Bg3 b5 17. Nd2 Rf8 18. c4 bxc4 19. Nxc4 g6 20. a3 Bh4 21. Be5
Nxe5 22. dxe5 Kg7 23. Rd4 Be7 24. Qd1 Bc5 25. Rd2 Qh4 26. Re4 Qg5 27. h4 Qe7
28. Bxa4 f5 29. exf6+ Qxf6 30. Bxc6 Bxf2+ 31. Kh2 Rad8 32. Bxd5 exd5 33. Rxd5
Ba7 34. Rxd8 Rxd8 35. Qf3 Bb8+ 36. Kh3 Qf5+ 37. Qxf5 gxf5 38. Re3 Rd4 39. Rb3
Bc7 40. Rc3 f4 41. Kg4 h5+ 42. Kxh5 f3 43. Ne3 1-0

[Event "Elit(Kungstornet-Eksjo)"]
[Site "?"]
[Date "2015.03.21"]
[Round "8"]
[White "Henriksson, Johan"]
[Black "de Verdier, Michael"]
[Result "1/2-1/2"]
[WhiteElo "2271"]
[BlackElo "2329"]
[PlyCount "88"]
[SourceDate "2015.03.26"]

1. d4 Nf6 2. Nf3 d5 3. c4 e6 4. g3 Bb4+ 5. Bd2 Bd6 6. Bg2 c6 7. Qc2 Nbd7 8. O-O
O-O 9. Bf4 Qc7 10. e3 dxc4 11. Qxc4 e5 12. Bg5 h6 13. Bxf6 Nxf6 14. dxe5 Bxe5
15. Nxe5 Qxe5 16. Nc3 Be6 17. Qb4 Rab8 18. Rfd1 a5 19. Qd4 Qc7 20. Qc5 Nd7 21.
Qd6 Qxd6 22. Rxd6 Ne5 23. b3 Rfd8 24. Rad1 Rxd6 25. Rxd6 Kf8 26. f4 Ng4 27. Rd3
Ke7 28. h3 Nf6 29. Kf2 Nd7 30. e4 f6 31. Ke3 Nc5 32. Rd4 b5 33. e5 fxe5 34.
fxe5 b4 35. Ne2 a4 36. Rd6 axb3 37. axb3 Nxb3 38. Rxc6 Bd7 39. Rg6 Kf8 40. Rd6
Nc5 41. Rd5 Rc8 42. Rd6 Rb8 43. Rd5 Rc8 44. Rd6 Rb8 1/2-1/2

[Event "Elit(Kungstornet-Eksjo)"]
[Site "?"]
[Date "2015.03.21"]
[Round "8"]
[White "Bejtovic, Jasmin"]
[Black "Larsson, Anders"]
[Result "0-1"]
[WhiteElo "2375"]
[BlackElo "2256"]
[PlyCount "94"]

1. c4 e5 2. g3 Nf6 3. Bg2 c6 4. d4 exd4 5. Qxd4 d5 6. Nf3 Be7 7. cxd5 Qxd5 8.
Qa4 Qe4 9. Qd1 Qd5 10. Nbd2 O-O 11. O-O Qh5 12. e4 Na6 13. Qe2 Bg4 14. a3 Nc5
15. b4 Ne6 16. Bb2 Rfd8 17. Qe3 Bh3 18. Ne5 Bxg2 19. Kxg2 Ng4 20. Nxg4 Qxg4 21.
f4 a5 22. h3 Qh5 23. Nf3 Qb5 24. f5 Nf8 25. Nd4 Qb6 26. e5 axb4 27. a4 c5 28.
Nb3 f6 29. exf6 Bxf6 30. Bxf6 Qxf6 31. Nxc5 Qb2+ 32. Kg1 Rd2 33. Qb3+ Qxb3 34.
Nxb3 Rd3 35. Nc5 Rxg3+ 36. Kh2 Ra3 37. Nxb7 R8xa4 38. Rab1 Rc3 39. Rf2 b3 40.
f6 gxf6 41. Rxf6 Ra2+ 42. Kg1 Rg3+ 43. Kf1 Rxh3 44. Kg1 Rg3+ 45. Kh1 Ng6 46.
Nc5 Nh4 47. Rxb3 Ra1+ 0-1